<?xml version="1.0" encoding="UTF-8"?>
<collection xmlns="http://www.loc.gov/MARC21/slim">
  <record>
    <leader>00000nam  2200000   4500</leader>
    <controlfield tag="001">INLIS000000000002448</controlfield>
    <controlfield tag="005">20180724145347</controlfield>
    <controlfield tag="008">180724|||||||||   |   |||   |||| ||   | </controlfield>
    <datafield tag="035" ind1=" " ind2=" ">
      <subfield code="0">010-0718002448</subfield>
    </datafield>
    <datafield tag="041" ind1=" " ind2=" ">
      <subfield code="a">id</subfield>
    </datafield>
    <datafield tag="082" ind1=" " ind2=" ">
      <subfield code="a">R. 014</subfield>
    </datafield>
    <datafield tag="090" ind1=" " ind2=" ">
      <subfield code="a">R. 014 PIM 2017</subfield>
    </datafield>
    <datafield tag="100" ind1=" " ind2=" ">
      <subfield code="a">Nurharyoko, Gogor Oko</subfield>
    </datafield>
    <datafield tag="245" ind1=" " ind2=" ">
      <subfield code="a">Reformasi Dukungan Pelayanan Kesekretariatan Negara Kepada Presiden RI Melalui Digitalisasi Kebijakan Perjalanan Dinas Luar Negeri</subfield>
    </datafield>
    <datafield tag="260" ind1=" " ind2=" ">
      <subfield code="a">Jakarta</subfield>
      <subfield code="b">LAN Jakarta</subfield>
      <subfield code="c">2017</subfield>
    </datafield>
    <datafield tag="300" ind1=" " ind2=" ">
      <subfield code="a">48 hlm.; Lamp.; 30 cm</subfield>
    </datafield>
    <datafield tag="500" ind1=" " ind2=" ">
      <subfield code="a">Proyek perubahan ini mencetuskan perubahan fundamental pada kebijakan digitalisasi pengelolaan Perjalanan Dinas Luar Negeri (PDLN) yang diwujudkan melalui: [1] penyusunan produk kebijakan berupa PEraturan Menteri Sekretaris Negara dan Peraturan Pemerintah, [2] rekayasa teknologi berupa Grand Design Sistem Informasi Manajemen PDLN terintegrasi antar Kementerian dan LPNK. Pada lingkup kebijakan akan ditetapkan ketentuan bahwa pengelolaan PDLN dialihkan sepenuhnya dari format konvensional ke dalam format digital; sebuah hal yang sama sekali baru dan berlum pernah ada sebelumnya. Kebijakan ini juga ditopang pembangunan jaringan sistem informasi manajemen yang terpadu berbasiskan grand design yang disusun.</subfield>
    </datafield>
    <datafield tag="650" ind1=" " ind2=" ">
      <subfield code="a">Pelayanan</subfield>
    </datafield>
  </record>
</collection>
